El cuadro de mando integral: the balanced scorecard
Guardat en:
| Autors principals: | , |
|---|---|
| Format: | Llibre |
| Idioma: | espanyol |
| Publicat: |
Barcelona
Ediciones Gestión 2000 S. A
2009
|
| Edició: | 3a. ed |
| Matèries: | |
| Etiquetes: |
Afegir etiqueta
Sense etiquetes, Sigues el primer a etiquetar aquest registre!
|
MARC
| LEADER | 00000cam a2200000 a 4500 | ||
|---|---|---|---|
| 001 | UCC4181 | ||
| 003 | CL-VaPUC | ||
| 008 | 180713e20090000sp |||||||||||||||||spa|d | ||
| 020 | |a 9788498750485 | ||
| 082 | 0 | 4 | |a 658.4012 |b KAP |2 21 |
| 100 | |a Kaplan, Robert S |e author |9 598315 | ||
| 700 | 0 | |a Norton, David P |e author |9 598308 | |
| 245 | 1 | 3 | |a El cuadro de mando integral: the balanced scorecard |
| 250 | |a 3a. ed | ||
| 300 | |a 382 p | ||
| 942 | |c BK | ||
| 945 | |d 20180713 16:22:00 |a dcastane | ||
| 260 | |a Barcelona |b Ediciones Gestión 2000 S. A |c 2009 | ||
| 650 | 0 | |a Administración de empresas |9 260833 | |
| 650 | 0 | |a Planificación estratégica |9 259735 | |
| 650 | 0 | |a Gestión de la información |9 362327 | |
| 650 | 0 | |a Toma de decisiones |9 257530 | |
| 583 | |a last modification |c 20180713 16:22:00 |k Rodrigo Vera | ||
| 999 | |c 371738 |d 371736 | ||
| 952 | |0 0 |1 0 |3 erd |4 0 |6 658_401200000000000_KAP_2009 |7 0 |8 R |9 488867 |a BIBGIM |b BIBGIM |i 5481031 |o 658.4012 KAP 2009 |p 5481031 |r 2025-01-15 |w 2019-11-24 |y BK_R |z Catalogado en:20180713 |k COM | ||
| 952 | |0 0 |1 0 |3 erd |4 0 |6 658_401200000000000_KAP_2009 |7 0 |8 R |9 488868 |a BIBGIM |b BIBGIM |i 5481023 |l 2 |o 658.4012 KAP 2009 |p 5481023 |r 2025-01-15 |s 2022-06-15 |w 2019-11-24 |y BK_R |z Catalogado en:20180713 |k COM | ||
| 952 | |0 0 |1 0 |3 erd |4 0 |6 658_401200000000000_KAP_2009 |7 0 |8 R |9 488869 |a BIBGIM |b BIBGIM |i 5481015 |o 658.4012 KAP 2009 |p 5481015 |r 2025-01-15 |w 2019-11-24 |y BK_R |z Catalogado en:20180713 |k COM | ||
| 952 | |0 0 |1 0 |3 erd |4 0 |6 658_401200000000000_KAP_2009 |7 0 |8 R |9 488870 |a BIBGIM |b BIBGIM |i 5481007 |l 1 |o 658.4012 KAP 2009 |p 5481007 |r 2025-01-15 |s 2023-06-14 |w 2019-11-24 |y BK_R |z Catalogado en:20180713 |k COM | ||
| 952 | |0 0 |1 0 |3 erd |4 0 |6 658_401200000000000_KAP_2009 |7 0 |8 R |9 488871 |a BIBGIM |b BIBGIM |i 548099K |l 1 |o 658.4012 KAP 2009 |p 548099K |r 2025-01-15 |s 2022-06-14 |w 2019-11-24 |y BK_R |z Catalogado en:20180713 |k COM | ||